<?xml version="1.0" encoding="UTF-8"?>
<collection xmlns="http://www.loc.gov/MARC21/slim">
 <record>
  <leader>05502nam a2200493 a 4500</leader>
  <controlfield tag="001">kal3635</controlfield>
  <controlfield tag="003">Gr-AtHEAL</controlfield>
  <controlfield tag="005">20160504101524.0</controlfield>
  <controlfield tag="006">m        d        </controlfield>
  <controlfield tag="008">160413s2015    gr      s           gre|c</controlfield>
  <datafield tag="020" ind1=" " ind2=" ">
   <subfield code="a">9789606030611</subfield>
  </datafield>
  <datafield tag="040" ind1=" " ind2=" ">
   <subfield code="a">GR-AtHEAL</subfield>
   <subfield code="b">gre</subfield>
   <subfield code="c">GR-AtHEAL</subfield>
  </datafield>
  <datafield tag="082" ind1="0" ind2="4">
   <subfield code="a">610.28</subfield>
   <subfield code="2">23</subfield>
  </datafield>
  <datafield tag="100" ind1="1" ind2=" ">
   <subfield code="a">Αναστασοπούλου, Ιωάννα.</subfield>
   <subfield code="8">2175</subfield>
  </datafield>
  <datafield tag="245" ind1="1" ind2="0">
   <subfield code="a">Βιοϋλικά</subfield>
   <subfield code="h">[Ηλεκτρονικός πόρος] </subfield>
   <subfield code="b">Εφαρμογές</subfield>
   <subfield code="c">Αναστασοπούλου, Ιωάννα ; Δρίτσα, Βασιλική ; Θεοφανίδης, Θεόφιλος ; Υφαντής, Δημήτριος ; Υφαντής, Κωνσταντίνος ; Κριτικός αναγνώστης,Μουζάκης, Διονύσιος ; Γραφιστική επιμέλεια,Λουκέρη, Σοφία ; Γλωσσική επιμέλεια,Κλαδά, Νεκταρία.</subfield>
  </datafield>
  <datafield tag="260" ind1=" " ind2=" ">
   <subfield code="a">Αθήνα :</subfield>
   <subfield code="b">Σύνδεσμος Ελληνικών Ακαδημαϊκών Βιβλιοθηκών,</subfield>
   <subfield code="c">c2015.</subfield>
  </datafield>
  <datafield tag="490" ind1=" " ind2=" ">
   <subfield code="a">Ακαδημαϊκά Ηλεκτρονικά Συγγράμματα και Βοηθήματα Κάλλιπος</subfield>
   <subfield code="8">40</subfield>
  </datafield>
  <datafield tag="520" ind1=" " ind2=" ">
   <subfield code="a">Το βιβλίο θα καλύψει την ύλη του μαθήματος &quot;ΒΙΟΫΛΙΚΑ- ΕΦΑΡΜΟΓΕΣ&quot; που διδάσκεται ως υποχρεωτικό μάθημα επιλογής του 8ου εξαμήνου στη Σχολή Χημικών Μηχανικών, του ΕΜΠ. Το βιβλίο αποσκοπεί στην θεωρητική εμβάθυνση στη γνώση των βιοϋλικών και των εφαρμογών τους. Τα θέματα που περιγράφονται στο βιβλίο είναι η εισαγωγή στα βιοϋλικά, οι κατηγορίες των βιοϋλικών (μεταλλικά, κεραμικά, πολυμερή, σύνθετα), η χημεία, η μηχανική και οι φυσικοχημικές ιδιότητες των βιοϋλικών, ο σχεδιασμός και η σύνθεση των βιοϋλικών, η βιοσυμβατότητα, η τοξικότητα και η φθορά των βιοϋλικών. Επίσης, θα περιγραφούν αναλυτικά οι εφαρμογές των βιοϋλικών στην ιατρική (οδοντιατρικά εμφυτεύματα,οδοντικές αποκαταστάσεις και προθέσεις,χειρουργική, ορθοπαιδική, αρθροπλαστική ισχίου, καρδειαγγειακές προθέσεις, stents, βαλβίδες,τεχνητό δέρμα, εμφυτεύματα σιλικόνης).Τα βιοϋλικά είναι υλικά αιχμής, με υψηλή προστιθέμενη αξία με πολλές εφαρμογές στις επιστήμες της υγείας. Η μελέτη του συγκεκριμένου βιβλίου θα δώσει στον φοιτητή επαρκή γνώση για περαιτέρω διερεύνηση της σχέσης δομής - ιδιοτήτων – βιοσυμβατότητας-βιοαπορροφησιμότητας των βιοϋλικών. Τελικός στόχος είναι η παροχή της απαραίτητης βασικής γνώσης, ώστε οι φοιτητές να μπορέσουν να σχεδιάσουν νέα υλικά με συγκεκριμένες φυσικοχημικές ιδιότητες, προκειμένου να καλυφθούν οι νέες απαιτήσεις των επιστημών υγείας.</subfield>
  </datafield>
  <datafield tag="650" ind1=" " ind2="0">
   <subfield code="a">Biomedical materials.</subfield>
   <subfield code="8">2740</subfield>
  </datafield>
  <datafield tag="653" ind1=" " ind2=" ">
   <subfield code="a">Εφαρμογές βιοϋλικών</subfield>
  </datafield>
  <datafield tag="653" ind1=" " ind2=" ">
   <subfield code="a">Διάβρωση βιοϋλικών</subfield>
  </datafield>
  <datafield tag="653" ind1=" " ind2=" ">
   <subfield code="a">Σύνθετα βιοϋλικά</subfield>
  </datafield>
  <datafield tag="653" ind1=" " ind2=" ">
   <subfield code="a">Πολυμερή βιοϋλικά</subfield>
  </datafield>
  <datafield tag="653" ind1=" " ind2=" ">
   <subfield code="a">Κεραμικά βιοϋλικά</subfield>
  </datafield>
  <datafield tag="653" ind1=" " ind2=" ">
   <subfield code="a">Μεταλλικά βιοϋλικά</subfield>
  </datafield>
  <datafield tag="653" ind1=" " ind2=" ">
   <subfield code="a">Χημεία υλικών</subfield>
  </datafield>
  <datafield tag="653" ind1=" " ind2=" ">
   <subfield code="a">Βιοαπορροφήσιμα</subfield>
  </datafield>
  <datafield tag="653" ind1=" " ind2=" ">
   <subfield code="a">Βιοδραστικά</subfield>
  </datafield>
  <datafield tag="653" ind1=" " ind2=" ">
   <subfield code="a">Βιοαδρανή</subfield>
  </datafield>
  <datafield tag="653" ind1=" " ind2=" ">
   <subfield code="a">Βιοσυμβατότητα</subfield>
  </datafield>
  <datafield tag="653" ind1=" " ind2=" ">
   <subfield code="a">Βιοϋλικά</subfield>
  </datafield>
  <datafield tag="653" ind1=" " ind2=" ">
   <subfield code="a">Χημεία / Γενική χημεία</subfield>
   <subfield code="a">Φυσικοχημεία</subfield>
  </datafield>
  <datafield tag="653" ind1=" " ind2=" ">
   <subfield code="a">Φυσική</subfield>
   <subfield code="a">Διαθεματικές περιοχές της φυσικής και συναφείς τομείς της επιστήμης και της τεχνολογίας</subfield>
   <subfield code="a">Επιστήμη υλικών</subfield>
  </datafield>
  <datafield tag="653" ind1=" " ind2=" ">
   <subfield code="a">Τεχνολογία και επιστήμες μηχανικών</subfield>
   <subfield code="a">Τεχνολογία και μηχανική υλικών</subfield>
  </datafield>
  <datafield tag="700" ind1="1" ind2=" ">
   <subfield code="a">Δρίτσα, Βασιλική</subfield>
   <subfield code="e">Συγγραφέας</subfield>
   <subfield code="8">2176</subfield>
  </datafield>
  <datafield tag="700" ind1="1" ind2=" ">
   <subfield code="a">Θεοφανίδης, Θεόφιλος</subfield>
   <subfield code="e">Συγγραφέας</subfield>
   <subfield code="8">2177</subfield>
  </datafield>
  <datafield tag="700" ind1="1" ind2=" ">
   <subfield code="a">Υφαντής, Δημήτριος</subfield>
   <subfield code="e">Συγγραφέας</subfield>
   <subfield code="8">2178</subfield>
  </datafield>
  <datafield tag="700" ind1="1" ind2=" ">
   <subfield code="a">Υφαντής, Κωνσταντίνος</subfield>
   <subfield code="e">Συγγραφέας</subfield>
   <subfield code="8">2179</subfield>
  </datafield>
  <datafield tag="700" ind1="1" ind2=" ">
   <subfield code="a">Μουζάκης, Διονύσιος</subfield>
   <subfield code="e">Κριτικός αναγνώστης</subfield>
   <subfield code="8">2180</subfield>
  </datafield>
  <datafield tag="856" ind1="4" ind2="0">
   <subfield code="u">http://hdl.handle.net/11419/3635</subfield>
   <subfield code="z">Πλήρες Κείμενο - Full text</subfield>
  </datafield>
  <datafield tag="907" ind1=" " ind2=" ">
   <subfield code="a">.b25678553</subfield>
   <subfield code="b">12-06-18</subfield>
   <subfield code="c">29-07-16</subfield>
  </datafield>
  <datafield tag="949" ind1=" " ind2=" ">
   <subfield code="0">0</subfield>
   <subfield code="1">0</subfield>
   <subfield code="2">ddc</subfield>
   <subfield code="4">0</subfield>
   <subfield code="6">610_280000000000000_ΑΝΑ</subfield>
   <subfield code="7">0</subfield>
   <subfield code="8">KALL</subfield>
   <subfield code="8">614</subfield>
   <subfield code="d">2016-04-13</subfield>
   <subfield code="r">2016-04-13</subfield>
   <subfield code="w">2016-04-13</subfield>
   <subfield code="z">610.28 ΑΝΑ</subfield>
   <subfield code="o">SEAB KALLIPOS</subfield>
  </datafield>
  <datafield tag="998" ind1=" " ind2=" ">
   <subfield code="a">80</subfield>
   <subfield code="a">01</subfield>
   <subfield code="a">02</subfield>
   <subfield code="a">03</subfield>
   <subfield code="a">04</subfield>
   <subfield code="a">05</subfield>
   <subfield code="a">06</subfield>
   <subfield code="a">07</subfield>
   <subfield code="a">08</subfield>
   <subfield code="a">09</subfield>
   <subfield code="a">10</subfield>
   <subfield code="a">11</subfield>
   <subfield code="a">12</subfield>
   <subfield code="a">13</subfield>
   <subfield code="a">14</subfield>
   <subfield code="a">15</subfield>
   <subfield code="a">16</subfield>
   <subfield code="a">17</subfield>
   <subfield code="a">18</subfield>
   <subfield code="a">19</subfield>
   <subfield code="a">20</subfield>
   <subfield code="a">21</subfield>
   <subfield code="a">22</subfield>
   <subfield code="a">23</subfield>
   <subfield code="a">24</subfield>
   <subfield code="a">25</subfield>
   <subfield code="a">26</subfield>
   <subfield code="b">10-05-17</subfield>
   <subfield code="c">m</subfield>
   <subfield code="d">z  </subfield>
   <subfield code="e">-</subfield>
   <subfield code="f">gre</subfield>
   <subfield code="g">gr </subfield>
   <subfield code="h">0</subfield>
  </datafield>
  <datafield tag="942" ind1=" " ind2=" ">
   <subfield code="2">ddc</subfield>
   <subfield code="c">KALLIPOS</subfield>
  </datafield>
 </record>
</collection>
